| 000 | 01272nam a22002537a 4500 | ||
|---|---|---|---|
| 005 | 20120305155844.0 | ||
| 010 | _aENG-104872 B-492607-608 | ||
| 020 |
_a9789380902708 _c625.00 |
||
| 035 | _aEN-88405 B-492607-608 | ||
| 037 | _bDBAD/PUB | ||
| 037 | _bUBH/Ven | ||
| 082 | _a883.092 | ||
| 100 |
_aAshri, Sumita _955279 |
||
| 245 |
_aV.S. Naipaul's dilemma of diasporic existence / _cby Sumita Ashri |
||
| 260 |
_aJaipur _bAadi Publications _c2011 |
||
| 270 |
_a18, Jain Bhawan, Opp. N.B.C. Shanti Nagar _bJaipur _e302006 |
||
| 300 |
_ax,179p. _c22cm(Hb) |
||
| 500 | _aIncludes bibliographical references | ||
| 942 |
_2ddc _cEN _h883.092 _mASH |
||
| 999 |
_c63787 _d63787 |
||